Tu jardín con enanitos - Melendi - Estadísticas

Estadísticas generales
  • Esta prueba ha sido intentada 289 veces
    277 desde el último reinicio
  • La puntuación promedio es 338 de 399
Estadísticas de respuestas
Respuesta % Correcto
a
99%
en
98%
con
97%
la
97%
que
97%
Que
97%
se
97%
97%
97%
tu
97%
Tu
97%
de
96%
es
95%
jardín
95%
Y
95%
y
95%
enanitos
94%
mi
94%
Mi
94%
pa
94%
ser
94%
las
93%
le
93%
los
93%
me
93%
quiero
93%
Quiero
93%
no
92%
No
92%
te
91%
yo
91%
Yo
91%
cama
89%
como
89%
ha
89%
Hoy
89%
hoy
89%
mañana
89%
mis
89%
noche
89%
por
89%
todo
89%
vida
89%
patas
88%
tus
88%
cuatro
87%
luna
87%
pido
87%
Sin
87%
amor
86%
cada
86%
pasar
86%
señorita
86%
solo
86%
sueño
86%
boda
85%
hablado
85%
nadie
85%
noches
85%
asuste
84%
modas
84%
tan
84%
todas
84%
el
83%
El
83%
ángel
82%
batalla
82%
guarda
82%
policía
82%
sueños
82%
todos
82%
guerra
81%
ropa
81%
comparta
80%
del
80%
esto
80%
ganarla
80%
ladrón
80%
medicina
80%
quiten
80%
tregua
80%
aunque
79%
gritos
79%
valor
79%
palabra
78%
siempre
78%
silencios
78%
boca
77%
tristeza
77%
última
77%
esta
76%
intentos
76%
tienes
76%
arrojo
75%
morderte
74%
conviertan
73%
besos
72%
entiendo
72%
incertidumbre
72%
sobre
72%
certeza
70%
mar
70%
nunca
70%
corazones
68%
cumpleaños
68%
seas
68%
barra
66%
escoba
66%
hombre
66%
maravilla
66%
octava
65%
males
64%
olvida
64%
pise
64%
primer
64%
baile
63%
donde
63%
finales
62%
miel
62%
principios
62%
rosa
62%
alcanzar
61%
astronauta
61%
daño
61%
espina
61%
fuerza
61%
hagas
61%
podré
61%
sentimiento
61%
carnaval
60%
ese
60%
este
59%
Serás
59%
ahogar
58%
Para
58%
ternura
58%
pantalones
57%
puedas
57%
quizás
57%
también
57%
tango
57%
locura
56%
alumbre
55%
bailen
55%
falda
55%
una
55%
media
54%
pasión
54%
tengo
54%
ya
54%
botones
53%
color
53%
salón
53%
bandera
52%
alargue
50%
cura
50%
emoción
50%
lleves
50%
cremallera
48%
sabor
48%
Sepa
47%
Clavando
46%
octavillas
46%
blues
45%
usted
44%
Gardel
39%
pintar
32%
No se encontraron pruebas coincidentes
Distribución de puntuación
Porcentaje de gente con cada puntuación
Porcentaje por número respondido
Historial de tus puntuaciones
No has intentado esta prueba desde el último reinicio